Bloom County Babylon : (Record no. 534454)

000 -LEADER
fixed length control field 00876pam a2200289 a 4500
001 - CONTROL NUMBER
control field 4769741
003 - CONTROL NUMBER IDENTIFIER
control field NUST
005 - DATE AND TIME OF LATEST TRANSACTION
control field 20200225113351.0
008 - FIXED-LENGTH DATA ELEMENTS--GENERAL INFORMATION
fixed length control field 860610s1986 maua 000 0 eng
010 ## - LIBRARY OF CONGRESS CONTROL NUMBER
LC control number 86014772
020 ## - INTERNATIONAL STANDARD BOOK NUMBER
International Standard Book Number 0316103098 (pbk.)
020 ## - INTERNATIONAL STANDARD BOOK NUMBER
International Standard Book Number 0316107247
038 ## - RECORD CONTENT LICENSOR
Staff Name waseem
040 ## - CATALOGING SOURCE
Original cataloging agency DLC
Transcribing agency DLC
Modifying agency DLC
050 00 - LIBRARY OF CONGRESS CALL NUMBER
Classification number PN6728.B57
Item number B68 1986
082 00 - DEWEY DECIMAL CLASSIFICATION NUMBER
Classification number 741.5973
Author Mark BRE
100 1# - MAIN ENTRY--PERSONAL NAME
Personal name Breathed, Berke.
9 (RLIN) 7858
240 10 - UNIFORM TITLE
Uniform title Bloom County.
Form subheading Selections
245 10 - TITLE STATEMENT
Title Bloom County Babylon :
Remainder of title five years of basic naughtiness /
Statement of responsibility, etc. Berke Breathed.
250 ## - EDITION STATEMENT
Edition statement 1st ed.
260 ## - PUBLICATION, DISTRIBUTION, ETC.
Place of publication, distribution, etc. Boston :
Name of publisher, distributor, etc. Little, Brown,
Date of publication, distribution, etc. c1986.
300 ## - PHYSICAL DESCRIPTION
Extent 224 p. :
Other physical details ill. (some col.) ;
Dimensions 28 cm.
500 ## - GENERAL NOTE
General note "A Bloom County book."
500 ## - GENERAL NOTE
General note Selections from the author's comic strip, Bloom County.
906 ## - LOCAL DATA ELEMENT F, LDF (RLIN)
a 7
b cbc
c orignew
d 1
e ocip
f 19
g y-gencatlg
942 ## - ADDED ENTRY ELEMENTS (KOHA)
Source of classification or shelving scheme
Koha item type Book
Holdings
Withdrawn status Lost status Source of classification or shelving scheme Damaged status Not for loan Permanent Location Current Location Date acquired Source of acquisition Total Checkouts Full call number Barcode Date last seen Price effective from Koha item type
          Central Library (CL) Central Library (CL) 02/25/2020 Donation   741.5973 BRE CL-D-895 02/25/2020 02/25/2020 Book
© 2023 Central Library, National University of Sciences and Technology. All Rights Reserved.